Haminasta tuulee - Statistics

Yleistilastot
  • Tätä visaa on pelattu 202 kertaa
  • Keskiarvotulos 7 / 14
Vastaustilastot
Vihje Vastaus % Oikein
Maakunta, jossa Hamina sijaitsee Kymenlaakso
98%
Haminaan vuonna 2022 päätynyt eläin, jota Suomessa ei ennen oltu havaittu Mursu
75%
Muun muassa "Moottoritie on kuuma" ja "Tahdon rakastella sinua" -kappaleistatunnettu haminalainen muusikko Pelle Miljoona
67%
Kaupungin lempinimi, joka johtuu sen harvinaisesta asemakaaviosta {Ympyrä}kaupunki
66%
Puolustusvoimien koulutuspaikka Haminassa, josta saapuu upseerikokelaita {Reserviupseeri}koulu
61%
Ruotsinkielien nimi (vihje: kaupunki on nimetty kuningas Fredrik I:n mukaan) Fredrikshamn
56%
Kotka-Haminan _____ on Suomen suurin yleis______ Satama
52%
Seutukunta, johon Hamina kuuluu {Kotka}-{Hamina}
49%
Kyseinen rauha päätti tämän sodan Suomen sota
43%
Objektit, jotka esiintyvät kaupungin vaakunassa (nimeä toinen) Kruunu tai vene
40%
Muun muassa Kuoleman puutarhan maalannut taidemaalari Hugo Simberg
38%
Minä vuonna Haminan rauha allekirjoitettiin? 1809
35%
Haminan linnoitusta ympäröi nämä rakennukset (vihje: alkaa B:llä) Bastionit
35%
Ruotsalaissotilaat polttivat kaupungin tämän sodan aikana vuonna 1742 Hattujen sota
14%
Ehtoja vastaavia visoja ei löytynyt
Tulosjakauma
Jokaisen tuloksen saaneiden osuus
Persentiili vastausten määrän mukaan
Tuloshistoriasi
Et ole pelannut tätä visaa